Statistics for Best Dumb and Dumber Quotes Quiz

Click here to take the quiz!

General Stats

  • This quiz has been taken 1,139 times
    (1,137 since last reset)
  • The average score is 9 of 12

Answer Stats

CharacterQuoteAnswer% Correct
HarryYeah I called her up, she gave me a bunch of crap about me not listening to her, or something, I don't know, I wasn't really paying _________attention
94%
LloydAustria! Well, then. G'day mate! Let's put another ______ on the barbie!shrimp
93%
HarryJust when I thought you couldn't get any dumber, you go and do something like this... and totally ______ yourself!redeem
90%
LloydWe got no food, no jobs... our pet's _____ are falling off!heads
89%
LloydI'm talkin' about a place where the beer flows like wine. Where beautiful women instinctively flock like the salmon of Capistrano. I'm talkin' about a little place called _____Aspen
82%
LloydMan, you are one pathetic _____. No offenseloser
79%
LloydThat's as good as money, sir. Those are ___'s.IOU
78%
Guy in RestaurantKick his ass, _______!seabass
72%
LloydMary... I desperately wanna make love to a _____ boyschool
70%
LloydI get 70 miles to the gallon on this ___hog
67%
LloydHarry! You're alive! And you're a horrible ____!shot
66%
HarryCheck out the ___bags on that hosehoundfun
65%

Score Distribution

Percentile by Number Answered

Percent of People with Each Score

Your Score History

You have not taken this quiz since the last reset